Yaubane joẏāra elo. (Record no. 62665)

MARC details
000 -LEADER
fixed length control field 00551cam a22002291 4500
001 - CONTROL NUMBER
control field sa 65002483
003 - CONTROL NUMBER IDENTIFIER
control field DLC
005 - DATE AND TIME OF LATEST TRANSACTION
control field 20260227112117.0
008 - FIXED-LENGTH DATA ELEMENTS--GENERAL INFORMATION
fixed length control field 940615m19631964ii a 000 0 beno
010 ## - LIBRARY OF CONGRESS CONTROL NUMBER
LC control number sa 65002483
025 ## - OVERSEAS ACQUISITION NUMBER
Overseas acquisition number PL480:EP-B-652
035 ## - SYSTEM CONTROL NUMBER
System control number (OCoLC)30612908
040 ## - CATALOGING SOURCE
Original cataloging agency DLC
Transcribing agency CU
Modifying agency CU
-- DLC
042 ## - AUTHENTICATION CODE
Authentication code premarc
050 00 - LIBRARY OF CONGRESS CALL NUMBER
Classification number HQ56
Item number .S66
100 1# - MAIN ENTRY--PERSONAL NAME
Personal name Sobhan, Abdus.
245 10 - TITLE STATEMENT
Title Yaubane joẏāra elo.
260 ## - PUBLICATION, DISTRIBUTION, ETC.
Date of publication, distribution, etc. [1963/64]
300 ## - PHYSICAL DESCRIPTION
Extent 2, 143 p.
Other physical details ill.
Dimensions 22 cm.
500 ## - GENERAL NOTE
General note In Bengali.
650 #0 - SUBJECT ADDED ENTRY--TOPICAL TERM
Topical term or geographic name entry element Sex instruction.

No items available.

Powered by Koha